[Event "Championnat de France 2011 - Open A"]
[Site "Caen"]
[Date "2011.08.18"]
[Round "3.9"]
[White "Moucheroud, Jeremy"]
[Black "Brest, Jean-Francois"]
[Result "1-0"]
[WhiteElo "2089"]
[BlackElo "2016"]
[PlyCount "103"]
[EventDate "2011.??.??"]

1. e4 e5 2. Nf3 Nc6 3. Bb5 a6 4. Ba4 Nf6 5. O-O Be7 6. Re1 b5 7. Bb3 O-O 8. h3
d6 9. c3 Nb8 10. d4 Nbd7 11. Nbd2 Bb7 12. Bc2 Re8 13. Nf1 Bf8 14. Ng3 g6 15. a4
Bg7 16. d5 Qb8 17. Bd3 c6 18. axb5 axb5 19. Rxa8 Bxa8 20. dxc6 Bxc6 21. Bc2 d5
22. Bb3 Qa8 23. exd5 Nxd5 24. c4 bxc4 25. Bxc4 N5b6 26. Bf1 f5 27. Nd2 Bd5 28.
b3 Kh8 29. Nc4 f4 30. Nh1 Re6 31. Bb2 Qc6 32. Na5 Qc5 33. Qd2 Qe7 34. f3 e4 35.
Bxg7+ Kxg7 36. fxe4 Bxe4 37. Nf2 f3 38. Qd4+ Nf6 39. Rxe4 Rxe4 40. Nxe4 Qxe4
41. Qxb6 fxg2 42. Qc7+ Kh6 43. Bxg2 Qe3+ 44. Kh2 Nh5 45. Qd6 Nf4 46. Nc4 Qf2
47. Qd2 Qh4 48. Ne5 g5 49. Qd6+ Ng6 50. Nxg6 hxg6 51. b4 g4 52. Qf4+ 1-0

[Event "Championnat de France 2011 - Open A"]
[Site "Caen"]
[Date "2011.08.18"]
[Round "3.10"]
[White "Naudion, Gregoire"]
[Black "Gidel, Jean-Louis"]
[Result "1/2-1/2"]
[WhiteElo "2051"]
[BlackElo "2145"]
[PlyCount "53"]
[EventDate "2011.??.??"]

1. e4 c6 2. d4 d5 3. e5 Bf5 4. h4 h5 5. c4 e6 6. Nc3 Ne7 7. Bg5 dxc4 8. Bxc4
Nd7 9. Bd3 f6 10. exf6 gxf6 11. Bf4 Nb6 12. Nge2 Nbd5 13. Bg3 Bh6 14. O-O Qd7
15. Nxd5 exd5 16. Nc3 Bxd3 17. Qxd3 Qf5 18. Qd1 Kf7 19. Qb3 b6 20. Rae1 Rae8
21. Ne4 Nc8 22. Nd6+ Nxd6 23. Bxd6 Rhg8 24. Rxe8 Rxe8 25. Qc3 Qd7 26. Qf3 Qg4
27. Qc3 1/2-1/2

[Event "Championnat de France 2011 - Open A"]
[Site "Caen"]
[Date "2011.08.19"]
[Round "4.1"]
[White "Bordet, Matthieu"]
[Black "Naudier, Serge"]
[Result "0-1"]
[WhiteElo "2127"]
[BlackElo "2194"]
[PlyCount "82"]
[EventDate "2011.??.??"]

1. d4 Nf6 2. c4 e6 3. Nc3 Bb4 4. e3 b6 5. Bd3 Bb7 6. Nf3 Ne4 7. Qc2 f5 8. O-O
Bxc3 9. bxc3 O-O 10. Nd2 Nxd2 11. Bxd2 d6 12. f3 Nc6 13. Be1 Na5 14. Bg3 Ba6
15. Qe2 Qd7 16. Rab1 Rae8 17. Rfd1 Qc6 18. Rb4 e5 19. d5 Qc5 20. Rf1 e4 21.
fxe4 fxe4 22. Rxf8+ Kxf8 23. Bxe4 g6 24. Bf4 Rxe4 25. Bh6+ Ke8 26. Qf3 Re5 27.
Rb2 Qxc4 28. Qf8+ Kd7 29. Rf2 Qxd5 30. Rf7+ Kc6 31. h3 Rf5 32. Qa8+ Kb5 33.
Rxf5 Qxf5 34. Qxa7 Bb7 35. c4+ Kxc4 36. Qb8 Qd5 37. Qxc7+ Bc6 38. Kf1 Qxg2+ 39.
Ke1 Qg1+ 40. Ke2 Qh2+ 41. Ke1 Kd3 0-1

[Event "Championnat de France 2011 - Open A"]
[Site "Caen"]
[Date "2011.08.19"]
[Round "4.2"]
[White "Moucheroud, Jeremy"]
[Black "Duboue, Peio"]
[Result "0-1"]
[WhiteElo "2089"]
[BlackElo "2156"]
[PlyCount "78"]
[EventDate "2011.??.??"]

1. e4 e5 2. Nf3 Nc6 3. d4 exd4 4. Nxd4 Nf6 5. Nc3 Bb4 6. Nxc6 bxc6 7. Bd3 d5 8.
exd5 cxd5 9. O-O O-O 10. Bg5 c6 11. Na4 Qd6 12. Qf3 Bg4 13. Qf4 h6 14. Qxd6
Bxd6 15. Bxf6 gxf6 16. c4 Be5 17. Rac1 Bh5 18. b3 Rfd8 19. cxd5 cxd5 20. f4
Bd4+ 21. Kh1 Re8 22. Rce1 Rxe1 23. Rxe1 Bf2 24. Rf1 Bd4 25. Re1 Rc8 26. f5 Kf8
27. a3 Re8 28. Rxe8+ Kxe8 29. b4 Bd1 30. Nc5 Bb2 31. a4 Ba3 32. Bb5+ Ke7 33.
Nd3 Bb3 34. Kg1 Bc4 35. Kf2 a6 36. Bxc4 dxc4 37. Nf4 Kd6 38. b5 axb5 39. axb5
c3 0-1

[Event "Championnat de France 2011 - Open A"]
[Site "Caen"]
[Date "2011.08.19"]
[Round "4.3"]
[White "Chaplain, Fabrice"]
[Black "Malka, Samuel"]
[Result "0-1"]
[WhiteElo "2133"]
[BlackElo "2071"]
[PlyCount "54"]
[EventDate "2011.??.??"]

1. c4 Nf6 2. Nc3 g6 3. g3 d5 4. cxd5 Nxd5 5. Bg2 Nb6 6. Nf3 Bg7 7. O-O O-O 8.
d3 Nc6 9. Be3 e5 10. Qc1 Re8 11. Rd1 Nd4 12. Bh6 Bg4 13. Nxd4 exd4 14. Ne4 Nd5
15. Bxg7 Kxg7 16. Qc4 Nf6 17. Rd2 Be6 18. Qa4 Nxe4 19. Bxe4 Rb8 20. Qxa7 b6 21.
Qa4 c5 22. Rc1 Qg5 23. f4 Qh5 24. b4 c4 25. dxc4 Bxc4 26. Bf3 Qh3 27. b5 Qe6
0-1

[Event "Championnat de France 2011 - Open A"]
[Site "Caen"]
[Date "2011.08.19"]
[Round "4.4"]
[White "Devallee, Jeremie"]
[Black "Bilquez, Romain"]
[Result "1/2-1/2"]
[WhiteElo "2054"]
[BlackElo "2130"]
[PlyCount "119"]
[EventDate "2011.??.??"]

1. e4 e6 2. Nf3 d5 3. e5 c5 4. b4 cxb4 5. d4 Nc6 6. a3 bxa3 7. c3 f6 8. Bd3
fxe5 9. Nxe5 Nxe5 10. dxe5 Qc7 11. O-O Bc5 12. Bxa3 Ne7 13. Bb5+ Bd7 14. Bxd7+
Kxd7 15. Qa4+ Kd8 16. Bxc5 Qxc5 17. Na3 Qxc3 18. Rfe1 Nc6 19. Qg4 Re8 20. Qxg7
Qb4 21. Qg3 Nd4 22. Rab1 Qe7 23. Qc3 Nf5 24. Rec1 b6 25. Nb5 Qd7 26. Qa3 Re7
27. Rc7 Qe8 28. Qc3 Qxb5 29. Rxb5 Rxc7 30. Qd2 Rac8 31. Rb1 Rg7 32. h3 Rc4 33.
Kh1 Rd7 34. Qg5+ Kc7 35. Qg8 Ng7 36. Qa8 Rc6 37. Qxa7+ Kd8 38. Qa8+ Rc8 39. Qa3
Rc6 40. Qf8+ Ne8 41. Ra1 Rc8 42. Ra6 Rb8 43. Qb4 d4 44. Qd2 Kc7 45. Ra7+ Rb7
46. Ra4 b5 47. Ra8 Ng7 48. Qb4 Kb6 49. Rc8 Rd5 50. Ra8 Rdd7 51. Qa5+ Kc5 52.
Rc8+ Kd5 53. f4 Nf5 54. g3 Ke4 55. Kg2 Ra7 56. Qxb5 Ra2+ 57. Kg1 Ra1+ 58. Kf2
Ra2+ 59. Kg1 Ra1+ 60. Kf2 1/2-1/2

[Event "Championnat de France 2011 - Open A"]
[Site "Caen"]
[Date "2011.08.19"]
[Round "4.5"]
[White "Helie, Marc"]
[Black "Zerafa, Jonathan"]
[Result "1/2-1/2"]
[WhiteElo "2105"]
[BlackElo "2062"]
[PlyCount "34"]
[EventDate "2011.??.??"]

1. e4 e5 2. Nf3 Nc6 3. Bb5 a6 4. Ba4 Nf6 5. O-O Be7 6. Re1 b5 7. Bb3 d6 8. c3
O-O 9. h3 Na5 10. Bc2 c5 11. d4 Nd7 12. d5 Nb6 13. Nbd2 f5 14. exf5 Bxf5 15.
Ne4 h6 16. Be3 Nac4 17. Bc1 Na5 1/2-1/2

[Event "Championnat de France 2011 - Open A"]
[Site "Caen"]
[Date "2011.08.19"]
[Round "4.6"]
[White "Naudion, Gregoire"]
[Black "Louis, Thibault"]
[Result "1-0"]
[WhiteElo "2051"]
[BlackElo "2071"]
[PlyCount "107"]
[EventDate "2011.??.??"]

1. e4 e6 2. d4 d5 3. Nd2 Nc6 4. Ngf3 Nf6 5. e5 Nd7 6. Bd3 f6 7. exf6 Qxf6 8.
Nb3 Bd6 9. Bg5 Qf7 10. Bh4 Nb4 11. O-O Nxd3 12. Qxd3 O-O 13. Rae1 Qh5 14. Bg3
Nf6 15. Nc5 Bxc5 16. dxc5 Ne4 17. Bxc7 Nxc5 18. Qd4 Ne4 19. Nd2 Nxd2 20. Qxd2
Qf7 21. Bd6 Rd8 22. Be5 Bd7 23. Re3 Bb5 24. Rfe1 Rd7 25. Rg3 Qf5 26. Rg5 Qf8
27. Re3 h6 28. Rgg3 Qf5 29. Qd4 Qxc2 30. h4 Qh7 31. Bxg7 Rxg7 32. Rxg7+ Qxg7
33. Rg3 Qxg3 34. fxg3 Bc6 35. Qf6 Re8 36. Qg6+ Kf8 37. Qxh6+ Ke7 38. Qf4 Rd8
39. Qg5+ Kd7 40. Qe5 Ke7 41. h5 d4 42. Qg7+ Ke8 43. h6 Be4 44. h7 Bxh7 45. Qh8+
Kd7 46. Qxh7+ Kd6 47. Kf1 Rd7 48. Qe4 e5 49. g4 Rf7+ 50. Ke2 Rf4 51. Qxb7 Rxg4
52. Qb8+ Kd5 53. Qa8+ Kd6 54. Qd8+ 1-0

[Event "Championnat de France 2011 - Open A"]
[Site "Caen"]
[Date "2011.08.19"]
[Round "4.7"]
[White "Levesque, Thomas"]
[Black "Quenette, Remi"]
[Result "1/2-1/2"]
[WhiteElo "2058"]
[BlackElo "2185"]
[PlyCount "31"]
[EventDate "2011.??.??"]

1. d4 d5 2. c4 e6 3. Nc3 Be7 4. Nf3 Nf6 5. g3 O-O 6. Bg2 c5 7. cxd5 Nxd5 8. e4
Nxc3 9. bxc3 b6 10. O-O Bb7 11. Re1 Bf6 12. Bb2 cxd4 13. cxd4 Nc6 14. Rc1 Rc8
15. Bc3 Re8 16. Qd2 1/2-1/2

[Event "Championnat de France 2011 - Open A"]
[Site "Caen"]
[Date "2011.08.19"]
[Round "4.8"]
[White "Aflalo, Sophie"]
[Black "Bourdonnais, Loic"]
[Result "0-1"]
[WhiteElo "2041"]
[BlackElo "2165"]
[PlyCount "130"]
[EventDate "2011.??.??"]

1. e4 g6 2. d4 Bg7 3. Bc4 e6 4. Bb3 Ne7 5. Ne2 b6 6. Be3 Bb7 7. Nbc3 d5 8. f3
Nd7 9. Nf4 Nf6 10. Qd3 c6 11. Nce2 Qc7 12. c3 Rd8 13. e5 Nd7 14. h4 h5 15. g4
hxg4 16. fxg4 c5 17. Ba4 Bxe5 18. Kd2 Bg7 19. h5 g5 20. Nh3 f6 21. Rhf1 Bc6 22.
Bxc6 Qxc6 23. Ng3 Bh6 24. Rf2 Qc7 25. Rg1 e5 26. Nf5 e4 27. Qf1 Nxf5 28. Rxf5
Qc6 29. Nf2 O-O 30. Nh1 cxd4 31. Bxd4 Ne5 32. Ng3 Nxg4 33. Nxe4 dxe4 34. Rxg4
Qe6 35. Ke3 Rd5 36. Rxf6 Rxf6 37. Qxf6 Qxg4 38. Qg6+ Kf8 39. Qxh6+ Ke8 40. Qg6+
Kd7 41. Qf7+ Kc6 42. Qe8+ Rd7 43. Qc8+ Kd6 44. Qb8+ Kc6 45. Qc8+ Kd6 46. Qb8+
Kd5 47. Qa8+ Ke6 48. Qc6+ Ke7 49. Qxe4+ Qxe4+ 50. Kxe4 Kf7 51. Ke5 Rd8 52. Kf5
Rd5+ 53. Ke4 Ra5 54. a3 Kg8 55. b4 Rxa3 56. Kf5 Kh7 57. Kxg5 a5 58. Bxb6 a4 59.
c4 Rc3 60. Kf5 a3 61. Bd4 Rxc4 62. Be5 Rxb4 63. Bd6 Rb5+ 64. Ke4 a2 65. Be5
Rxe5+ 0-1

[Event "Championnat de France 2011 - Open A"]
[Site "Caen"]
[Date "2011.08.19"]
[Round "4.9"]
[White "De La Fontaine, Christophe"]
[Black "Guezennec, Franck"]
[Result "1/2-1/2"]
[WhiteElo "2039"]
[BlackElo "2147"]
[PlyCount "120"]
[EventDate "2011.??.??"]

1. d4 g6 2. Nf3 Bg7 3. c4 c5 4. e3 cxd4 5. exd4 d5 6. Nc3 Nf6 7. Be2 O-O 8. O-O
dxc4 9. Bxc4 Bg4 10. h3 Bxf3 11. Qxf3 Nc6 12. Be3 Nxd4 13. Qxb7 Nc2 14. Rad1
Qc8 15. Qxc8 Raxc8 16. Bb3 Nxe3 17. fxe3 e6 18. Rd6 Rfd8 19. Rfd1 Rxd6 20. Rxd6
h5 21. g3 Rc5 22. Ra6 Rc7 23. Kf2 Rb7 24. Ra5 Bf8 25. Ke2 Bd6 26. Kf3 Kg7 27.
Rb5 Rc7 28. a4 Nd7 29. Ne4 Be5 30. Bd1 a6 31. Rb3 Kh6 32. h4 Bg7 33. Ke2 Be5
34. Kf3 Kg7 35. Be2 a5 36. Rb5 Rc2 37. Rb7 Bc7 38. Nc3 Ne5+ 39. Ke4 Bd6 40. Nb5
Bc5 41. Kxe5 Rxe2 42. e4 Rxb2 43. Rd7 Bf2 44. Rd3 Rb1 45. Nd6 Rg1 46. Nxf7 Kxf7
47. Rf3+ Kg7 48. Rxf2 Rxg3 49. Kxe6 Rg4 50. e5 Rxh4 51. Kd5 Rxa4 52. e6 Ra1 53.
Rf7+ Kh6 54. e7 Re1 55. Kd6 Kg5 56. Rf1 Rxf1 57. e8=Q Rf5 58. Qe3+ Kh4 59. Qe1+
Kg5 60. Qe3+ Kh4 1/2-1/2

[Event "Championnat de France 2011 - Open A"]
[Site "Caen"]
[Date "2011.08.20"]
[Round "4.10"]
[White "Gidel, Jean-Louis"]
[Black "Lefebvre, Pierre"]
[Result "1-0"]
[WhiteElo "2145"]
[BlackElo "2058"]
[PlyCount "153"]
[EventDate "2011.??.??"]

1. e4 c5 2. c3 e6 3. d4 d5 4. e5 Nc6 5. Nf3 Qb6 6. a3 c4 7. Nbd2 Na5 8. h4 Bd7
9. h5 h6 10. g3 Ne7 11. Bh3 Nc8 12. O-O Qc7 13. Ne1 Nb6 14. f4 Be7 15. Qe2
O-O-O 16. Ng2 g6 17. Rf2 Nb3 18. Nxb3 cxb3 19. hxg6 fxg6 20. Ne3 a5 21. Bd2 Kb8
22. Bf1 Rc8 23. Re1 Nc4 24. Nxc4 Qxc4 25. Qxc4 dxc4 26. Bc1 b5 27. Bh3 Rcd8 28.
Rd1 Kc7 29. Be3 Rhe8 30. Kh2 Bf8 31. g4 Bc6 32. f5 g5 33. Rdf1 Bg7 34. f6 Bf8
35. Kg3 Be4 36. Bg2 Bd3 37. Ra1 Rd7 38. Rd2 Bg6 39. Bf1 Be4 40. a4 Bd5 41. axb5
Kb6 42. Bg2 Kxb5 43. Bxd5 Rxd5 44. Rdd1 Ra8 45. Kf3 Kc6 46. Ke4 a4 47. Bc1 Raa5
48. Rd2 Ra7 49. Rh2 Rda5 50. Rf2 Rf7 51. Rh2 Rfa7 52. Rf2 Rd5 53. Rh2 Kd7 54.
Rf2 Ra8 55. Rh2 Rda5 56. Rf2 Rd5 57. Rh2 Ke8 58. Rd2 Kf7 59. Rh2 Kg6 60. Rf2
Rda5 61. Rf1 Kf7 62. Rd1 a3 63. bxa3 Bxa3 64. Bxa3 Rxa3 65. Rxa3 Rxa3 66. d5
exd5+ 67. Kf5 b2 68. e6+ Ke8 69. Rb1 Rb3 70. Kg6 Kf8 71. e7+ Ke8 72. Kg7 Rb8
73. Rxb2 Rxb2 74. f7+ Kxe7 75. f8=Q+ Kd7 76. Qc5 Ke6 77. Kxh6 1-0

[Event "Championnat de France 2011 - Open A"]
[Site "Caen"]
[Date "2011.08.20"]
[Round "5.1"]
[White "Naudier, Serge"]
[Black "Duboue, Peio"]
[Result "1-0"]
[WhiteElo "2194"]
[BlackElo "2156"]
[PlyCount "97"]
[EventDate "2011.??.??"]

1. e4 e5 2. Nf3 Nc6 3. Bb5 a6 4. Ba4 Nf6 5. O-O b5 6. Bb3 Be7 7. Re1 d6 8. c3
O-O 9. d4 exd4 10. cxd4 Bg4 11. d5 Ne5 12. Nbd2 Nfd7 13. h3 Bh5 14. g4 Bg6 15.
Nxe5 dxe5 16. Nf1 Nc5 17. Bc2 Rc8 18. a3 c6 19. b4 Nd7 20. Bb3 Nf6 21. Ng3 Qd6
22. Bb2 cxd5 23. exd5 Nd7 24. Qf3 Bh4 25. Rac1 Kh8 26. Rxc8 Rxc8 27. Nf5 Bxf5
28. Qxf5 Qf6 29. Rxe5 Bxf2+ 30. Kg2 Bh4 31. Re8+ Rxe8 32. Bxf6 Re2+ 33. Kf1
Rf2+ 34. Qxf2 Bxf2 35. Kxf2 gxf6 36. d6 Kg7 37. Bd5 Kf8 38. Bb7 Nb8 39. Ke3 Ke8
40. Ke4 Kd7 41. Kf5 Kxd6 42. Kxf6 Kc7 43. Bd5 Nd7+ 44. Kxf7 Ne5+ 45. Kg7 Nc4
46. Kxh7 Nxa3 47. g5 Nc2 48. g6 Nxb4 49. Be4 1-0

[Event "Championnat de France 2011 - Open A"]
[Site "Caen"]
[Date "2011.08.20"]
[Round "5.2"]
[White "Malka, Samuel"]
[Black "Devallee, Jeremie"]
[Result "1/2-1/2"]
[WhiteElo "2071"]
[BlackElo "2054"]
[PlyCount "45"]
[EventDate "2011.??.??"]

1. d4 Nf6 2. c4 c5 3. d5 b5 4. Qc2 Na6 5. a3 Nc7 6. e4 d6 7. Nc3 e6 8. dxe6
Nxe6 9. Nf3 bxc4 10. Bxc4 Be7 11. O-O O-O 12. Rd1 Qc7 13. Be3 a6 14. Rac1 Bb7
15. b4 cxb4 16. Nd5 Bxd5 17. exd5 Nc5 18. axb4 Ncd7 19. Nd4 Ne5 20. Nc6 Nfg4
21. Qe2 Nxc6 22. Bxa6 Nxe3 23. fxe3 1/2-1/2

[Event "Championnat de France 2011 - Open A"]
[Site "Caen"]
[Date "2011.08.20"]
[Round "5.3"]
[White "Zerafa, Jonathan"]
[Black "Naudion, Gregoire"]
[Result "0-1"]
[WhiteElo "2062"]
[BlackElo "2051"]
[PlyCount "82"]
[EventDate "2011.??.??"]

1. d4 g6 2. c4 Bg7 3. Nf3 d6 4. Nc3 Nf6 5. e4 O-O 6. Bd3 Nbd7 7. O-O e5 8. d5
a5 9. b3 Nh5 10. Rb1 Nf4 11. Ne2 Nxd3 12. Qxd3 Nc5 13. Qc2 Nxe4 14. Qd1 Bg4 15.
Be3 f5 16. Bd2 f4 17. Ne1 Nxd2 18. Qxd2 f3 19. Ng3 fxg2 20. Nxg2 Rf3 21. Rbc1
Qf8 22. Rc3 Bh6 23. Rxf3 Bxd2 24. Rxf8+ Rxf8 25. Ne3 Bf3 26. Rb1 h5 27. Nd1 Rf4
28. Rb2 Bb4 29. Ne3 h4 30. Ne2 Rf7 31. Rc2 Bc5 32. Nc3 c6 33. h3 Bd4 34. a3 Rc7
35. dxc6 bxc6 36. b4 axb4 37. axb4 Rb7 38. Na2 Be4 39. Rd2 Ra7 40. Nd1 Ra3 41.
Kh2 Bf3 0-1

[Event "Championnat de France 2011 - Open A"]
[Site "Caen"]
[Date "2011.08.20"]
[Round "5.4"]
[White "Bilquez, Romain"]
[Black "Chaplain, Fabrice"]
[Result "1/2-1/2"]
[WhiteElo "2130"]
[BlackElo "2133"]
[PlyCount "23"]
[EventDate "2011.??.??"]

1. e4 c5 2. c3 Nf6 3. e5 Nd5 4. d4 cxd4 5. cxd4 d6 6. Nf3 Nc6 7. Bc4 Nb6 8. Bb5
dxe5 9. Nxe5 Bd7 10. Nxc6 Bxc6 11. Bxc6+ bxc6 12. O-O 1/2-1/2

[Event "Championnat de France 2011 - Open A"]
[Site "Caen"]
[Date "2011.08.20"]
[Round "5.5"]
[White "Bourdonnais, Loic"]
[Black "Moucheroud, Jeremy"]
[Result "0-1"]
[WhiteElo "2165"]
[BlackElo "2089"]
[PlyCount "82"]
[EventDate "2011.??.??"]

1. c4 e5 2. g3 Nf6 3. Bg2 d5 4. cxd5 Nxd5 5. Nf3 Nc6 6. d3 Be7 7. O-O O-O 8. b3
Bf6 9. e4 Ndb4 10. Ba3 Re8 11. Bxb4 Nxb4 12. Ne1 a5 13. Nc3 c6 14. Rb1 Qd6 15.
Rb2 Rd8 16. a3 Qd4 17. Qc1 Nxd3 18. Nxd3 Qxd3 19. Rd1 Qa6 20. Rxd8+ Bxd8 21.
Na4 Be7 22. Nc5 Qb6 23. b4 axb4 24. axb4 Ra3 25. Bf1 Qa7 26. Rb1 h6 27. Nd3 Bd6
28. b5 Bd7 29. b6 Qa5 30. Nb2 Qc5 31. Nc4 Ra2 32. Qe1 Be6 33. Rc1 Be7 34. h4
Bd8 35. Ne3 Qxb6 36. Qc3 Qa5 37. Qc5 Qxc5 38. Rxc5 Ra5 39. Rc2 Ra2 40. Rc5 Ra5
41. Rc2 Be7 0-1

[Event "Championnat de France 2011 - Open A"]
[Site "Caen"]
[Date "2011.08.20"]
[Round "5.6"]
[White "Najart, David"]
[Black "Gidel, Jean-Louis"]
[Result "1-0"]
[WhiteElo "2024"]
[BlackElo "2145"]
[PlyCount "109"]
[EventDate "2011.??.??"]

1. d4 d5 2. c4 c6 3. Nc3 dxc4 4. e4 b5 5. a4 b4 6. Na2 Nf6 7. e5 Nd5 8. Bxc4 e6
9. Nf3 a5 10. O-O Ba6 11. Bxa6 Nxa6 12. Bd2 Be7 13. Nc1 O-O 14. Nb3 c5 15. Qe2
cxd4 16. Nfxd4 Qb6 17. Rfc1 Rfc8 18. Rxc8+ Rxc8 19. Qb5 Rc7 20. Qxa5 Rc4 21.
Qxb6 Nxb6 22. a5 Nd7 23. f4 Ndc5 24. Kf1 g5 25. g3 gxf4 26. gxf4 Nxb3 27. Nxb3
f6 28. Ke2 fxe5 29. Kd3 Rc8 30. fxe5 Rd8+ 31. Ke4 Rd5 32. Be3 Kf7 33. Rc1 Rd8
34. Rc6 Ra8 35. Kd3 Rd8+ 36. Kc4 Nb8 37. Rc7 Ke8 38. Bc5 Bg5 39. Rxh7 Nc6 40.
Bd6 Bf4 41. Kb5 Bxe5 42. Bxe5 Nxe5 43. Rh8+ Kd7 44. Rxd8+ Kxd8 45. Nc5 Kc8 46.
a6 Kb8 47. h4 b3 48. h5 Ka7 49. h6 Nf7 50. h7 e5 51. Ne4 Nh8 52. Nd6 e4 53.
Nxe4 Nf7 54. Ka5 Nh8 55. Nd6 1-0

[Event "Championnat de France 2011 - Open A"]
[Site "Caen"]
[Date "2011.08.20"]
[Round "5.7"]
[White "Levitt, Olivier"]
[Black "Bordet, Matthieu"]
[Result "0-1"]
[WhiteElo "2011"]
[BlackElo "2127"]
[PlyCount "46"]
[EventDate "2011.??.??"]

1. e4 c5 2. Nf3 e6 3. c3 d5 4. e5 d4 5. cxd4 cxd4 6. Bb5+ Nc6 7. O-O Bd7 8. d3
Nge7 9. Na3 Ng6 10. Nc4 a6 11. Bxc6 Bxc6 12. b3 b5 13. Ncd2 Bb4 14. Bb2 Bc3 15.
Bxc3 dxc3 16. Qc2 Rc8 17. Ne4 Bxe4 18. dxe4 Qc7 19. a4 b4 20. Rad1 Nxe5 21.
Nxe5 Qxe5 22. Qd3 O-O 23. Qxa6 Qxe4 0-1

[Event "Championnat de France 2011 - Open A"]
[Site "Caen"]
[Date "2011.08.20"]
[Round "5.8"]
[White "Guerra, Eric"]
[Black "Brest, Jean-Francois"]
[Result "0-1"]
[WhiteElo "2125"]
[BlackElo "2016"]
[PlyCount "74"]
[EventDate "2011.??.??"]

1. Na3 e5 2. c4 Nf6 3. Qb3 Nc6 4. e3 Be7 5. f3 O-O 6. Nh3 d5 7. cxd5 Nxd5 8.
Nf2 Kh8 9. Be2 f5 10. O-O Rf6 11. g3 Rg6 12. Nh1 h5 13. Rf2 h4 14. Rg2 f4 15.
Bd3 Rg5 16. Be4 Be6 17. Qxb7 Ncb4 18. Qb5 Bh3 19. Re2 a6 20. Qa4 hxg3 21. hxg3
fxg3 22. d4 exd4 23. exd4 Qd6 24. Qd1 Bf6 25. Rd2 c5 26. Nc4 Qc7 27. a3 cxd4
28. b3 d3 29. Rg2 Qc5+ 30. Kf1 Bxg2+ 31. Kxg2 Nc2 32. Bxg5 Bxg5 33. Bxd5 Qxd5
34. Ra2 Rd8 35. Nxg3 Qxc4 36. Ne4 Qxe4 37. Rxc2 dxc2 0-1

[Event "Championnat de France 2011 - Open A"]
[Site "Caen"]
[Date "2011.08.20"]
[Round "5.9"]
[White "Laplanche, Denis"]
[Black "Rachez, Christophe"]
[Result "1-0"]
[WhiteElo "2125"]
[BlackElo "1989"]
[PlyCount "59"]
[EventDate "2011.??.??"]

1. d4 c5 2. e4 cxd4 3. Nf3 Nc6 4. Nxd4 e5 5. Nb5 d6 6. c4 Be7 7. Bd3 Be6 8. Nd2
Bg5 9. O-O Nh6 10. Nf3 Bxc1 11. Rxc1 O-O 12. Be2 Qb6 13. Qxd6 a6 14. Qc7 Qc5
15. Nd6 Qa7 16. Rfd1 Rab8 17. b3 Rfd8 18. c5 Rd7 19. Qb6 Qxb6 20. cxb6 Rbd8 21.
Nxb7 Rxb7 22. Rxc6 Rxd1+ 23. Bxd1 g6 24. Nxe5 Kg7 25. Be2 a5 26. f3 Ng8 27. Ba6
Rb8 28. b7 Ne7 29. Rc7 Kf8 30. Rxe7 1-0

[Event "Championnat de France 2011 - Open A"]
[Site "Caen"]
[Date "2011.08.20"]
[Round "5.10"]
[White "Purenne, Benoit"]
[Black "Helie, Marc"]
[Result "1-0"]
[WhiteElo "2006"]
[BlackElo "2105"]
[PlyCount "111"]
[EventDate "2011.??.??"]

1. d4 Nf6 2. c4 g6 3. Nc3 Bg7 4. e4 d6 5. f3 O-O 6. Nge2 c5 7. d5 e6 8. Ng3
exd5 9. cxd5 b6 10. Bg5 h6 11. Be3 Ba6 12. Be2 Bxe2 13. Qxe2 Re8 14. O-O a6 15.
a4 Nbd7 16. Rae1 Ne5 17. f4 Neg4 18. Bc1 h5 19. h3 h4 20. Nh1 Nh6 21. g4 hxg3
22. Nxg3 Nh7 23. Qf3 Qh4 24. Kg2 f5 25. exf5 Rxe1 26. Rxe1 Nxf5 27. Nce4 Re8
28. Qg4 Qxg4 29. hxg4 Nxg3 30. Kxg3 b5 31. axb5 axb5 32. Kf3 c4 33. g5 b4 34.
Bd2 b3 35. Bc3 Bxc3 36. bxc3 Rd8 37. Ke3 Nf8 38. Kd4 Nd7 39. Kxc4 Nb6+ 40. Kd4
Na4 41. Rb1 b2 42. c4 Kf8 43. Nc3 Nc5 44. Rxb2 Ke7 45. Ne4 Nxe4 46. Kxe4 Rd7
47. Kd4 Ra7 48. Re2+ Kf7 49. Re6 Ra6 50. Kc3 Rb6 51. Rf6+ Kg7 52. c5 Rb5 53.
Rxd6 Rxc5+ 54. Kd4 Rc1 55. Rd7+ Kf8 56. Ke5 1-0

[Event "Championnat de France 2011 - Open A"]
[Site "Caen"]
[Date "2011.08.21"]
[Round "6.1"]
[White "Malka, Samuel"]
[Black "Naudier, Serge"]
[Result "0-1"]
[WhiteElo "2071"]
[BlackElo "2194"]
[PlyCount "84"]
[EventDate "2011.??.??"]

1. d4 Nf6 2. c4 c6 3. Nf3 d5 4. e3 e6 5. b3 Bd6 6. Bb2 O-O 7. Nbd2 Qe7 8. Bd3
Nbd7 9. Ne5 Ba3 10. Bxa3 Qxa3 11. f4 c5 12. O-O cxd4 13. exd4 dxc4 14. Ndxc4
Qe7 15. Qf3 Nb6 16. Nxb6 axb6 17. Bc4 Ne8 18. a4 f6 19. Nd3 Nd6 20. Rfe1 Nxc4
21. bxc4 Qd6 22. d5 Ra5 23. dxe6 Bxe6 24. Nf2 Bxc4 25. Qxb7 Bd5 26. Rad1 Rb8
27. Qe7 Qxe7 28. Rxe7 Bc6 29. Rc1 Rc5 30. Rxc5 bxc5 31. Ne4 Kf8 32. Re6 Bd5 33.
Nxc5 Bxe6 34. Nxe6+ Kf7 35. Nc5 Ra8 36. g3 Ra5 37. Nd3 Rxa4 38. Kg2 Ra2+ 39.
Kh3 Ke6 40. Ne1 Kf5 41. Nf3 Ke4 42. Nh4 g5 0-1

[Event "Championnat de France 2011 - Open A"]
[Site "Caen"]
[Date "2011.08.21"]
[Round "6.2"]
[White "Duboue, Peio"]
[Black "Naudion, Gregoire"]
[Result "1/2-1/2"]
[WhiteElo "2156"]
[BlackElo "2051"]
[PlyCount "98"]
[EventDate "2011.??.??"]

1. e4 d6 2. d4 Nf6 3. Nc3 Nbd7 4. Be3 e5 5. d5 Be7 6. f3 c6 7. Qd2 cxd5 8. exd5
a6 9. Ne4 Nxe4 10. fxe4 Nf6 11. Bd3 Ng4 12. Nf3 Nxe3 13. Qxe3 O-O 14. O-O b5
15. a4 Bd7 16. axb5 axb5 17. Ra7 Rxa7 18. Qxa7 g5 19. Qb7 g4 20. Nd2 Bg5 21.
Nb3 Be3+ 22. Kh1 g3 23. Rf3 Bf2 24. hxg3 Bb6 25. Nd2 Bg4 26. Rf1 b4 27. Nf3 Bc5
28. Nh4 Qg5 29. Kh2 Qd2 30. Qe7 Qh6 31. Qb7 Qg5 32. Qc7 Bc8 33. Qa5 Bg4 34. Qa1
Qh6 35. Qe1 Qg5 36. Be2 Bc8 37. c3 bxc3 38. Qxc3 Bd7 39. b3 Rc8 40. Qf3 Qg7 41.
Nf5 Bxf5 42. Qxf5 Rc7 43. Ra1 Qg6 44. Ra8+ Kg7 45. Qxg6+ hxg6 46. g4 Kf6 47.
Kg3 Ra7 48. Rxa7 Bxa7 49. Bd1 g5 1/2-1/2

[Event "Championnat de France 2011 - Open A"]
[Site "Caen"]
[Date "2011.08.21"]
[Round "6.3"]
[White "Najart, David"]
[Black "Bilquez, Romain"]
[Result "1-0"]
[WhiteElo "2024"]
[BlackElo "2130"]
[PlyCount "117"]
[EventDate "2011.??.??"]

1. d4 d5 2. c4 c6 3. Nc3 Nf6 4. Nf3 e6 5. e3 Nbd7 6. Qc2 Bd6 7. Bd3 O-O 8. O-O
dxc4 9. Bxc4 e5 10. h3 Qe7 11. Bd3 Re8 12. Ng5 h6 13. Nge4 Nxe4 14. Nxe4 Bb8
15. Bd2 f5 16. Ng3 g6 17. f4 e4 18. Bc4+ Kh7 19. d5 c5 20. Bc3 Nb6 21. b3 Nxc4
22. bxc4 Bd6 23. Rab1 Qh4 24. Ne2 g5 25. Rf2 Rg8 26. Be5 Bf8 27. Qa4 g4 28. g3
gxh3 29. Kh2 Qh5 30. d6 Qf7 31. d7 Bxd7 32. Rxb7 Bxa4 33. Rxf7+ Kg6 34. Rf6+
Kh5 35. Rxf5+ Kg4 36. Rf7 Bd1 37. Nc3 Bf3 38. Nd5 Rg6 39. Nf6+ Kf5 40. Nd7+ Kg4
41. Rxf8 Rxf8 42. Nxf8 Rb6 43. Rb2 Ra6 44. Nd7 Ra3 45. Nf6+ Kf5 46. Kxh3 h5 47.
Nd5 Bg4+ 48. Kg2 Bf3+ 49. Kf2 Rd3 50. Nc3 Kg4 51. a4 a5 52. Rb8 Rd2+ 53. Ke1
Rd3 54. Rg8+ Kh3 55. f5 Rxe3+ 56. Kf2 Rd3 57. f6 Bg4 58. Nxe4 Rf3+ 59. Kg1 1-0

[Event "Championnat de France 2011 - Open A"]
[Site "Caen"]
[Date "2011.08.21"]
[Round "6.4"]
[White "Devallee, Jeremie"]
[Black "Bordet, Matthieu"]
[Result "0-1"]
[WhiteElo "2054"]
[BlackElo "2127"]
[PlyCount "96"]
[EventDate "2011.??.??"]

1. e4 c5 2. Nf3 e6 3. b4 cxb4 4. d4 Nf6 5. Bd3 b6 6. O-O Ba6 7. Bxa6 Nxa6 8.
Qd3 Nc7 9. a3 d5 10. e5 Ne4 11. axb4 Bxb4 12. c3 Be7 13. Ne1 f5 14. exf6 Bxf6
15. Nd2 Nxd2 16. Bxd2 O-O 17. Nf3 Qd6 18. Rfe1 a5 19. g3 Qc6 20. Bf4 Rac8 21.
Reb1 Ne8 22. Rb3 Nd6 23. Bxd6 Qxd6 24. Rab1 Rc6 25. Kg2 Ra8 26. Qb5 a4 27. Ra1
Ra5 28. Qxa5 bxa5 29. Rxa4 Qc7 30. Rb5 Ra6 31. Rc5 Qb6 32. Rc8+ Kf7 33. g4 h6
34. h4 Kg6 35. g5 hxg5 36. hxg5 Bxg5 37. Ne5+ Kf5 38. Rf8+ Bf6 39. Ra1 Ra7 40.
Rh1 Qd6 41. Rhh8 Ke4 42. f3+ Ke3 43. Ng4+ Kd2 44. Rc8 a4 45. Rh1 Rc7 46. Ra8 a3
47. Nf2 Rxc3 48. Rd1+ Kc2 0-1